000 00465nam a22001817a 4500
999 _c158010
_d158010
005 20181013110535.0
010 _aENG-124298
020 _c400.00
_a9789350451496
035 _aEN-107830
037 _bDBAD/PUB
082 _aN
100 _aNair R K R
245 _aOrbits /
_cby R K R Nair
260 _aCalcutta
_bWriters Workshop Books
_c2017
270 _bCalcutta
_e700045
_a162/92 Lake gardens
300 _a225p.
_c21cm (Hb)
942 _2ddc
_cEN
_hN
_mNAI